000 01632nam a2200265 a 4500
003 MX-MxUPN
005 20260418064116.0
008 240826s2020 ag ||||fr|||| 000 0 spa d
020 _a9789875387560
040 _aMX-MxUPN
_bspa
_cMX-MxUPN
041 0 _aspa
050 1 4 _aLB1028.5
_bA67 2020
245 0 0 _aAprendizaje y tecnologías :
_bhabilidades del presente, proyecciones de futuro
250 _a1a. edición.
260 _aBuenos Aires, Argentina :
_bNoveduc,
_c2020
300 _a143 páginas
490 0 _aNoveduc gestión ;
_v18
505 0 0 _tLos desafíos de aprender en un mundo algorítmico /
_rCarina Lion --
_tAutorregulación del aprendizaje en contextos educativos mediados por tecnologías digitales. Teoría, investigación y aplicaciones en la educación superior iberoamericana /
_rPaula Dieser, Cecilia Sanz, Alejandra Zangara --
_tLas habilidades digitales docentes en su laberinto. Representaciones en torno al Programa Conectar Igualdad /
_rSebastián Benítez Larghi --
_tRetos para la formación docente en los escenarios actuales /
_rCarina Lion --
_tRelatos de estudiantes inmigrantes: mediaciones tecnológicas en tiempos de inclusión /
_rMónica Melo --
_tLos jóvenes, la lectura y el aprendizaje: voces y sueños /
_rCarina Lion, Betina Lippenholtz --
_tHabilidades del presente, proyecciones de futuro /
_rCarina Lion.
650 4 _aEnseñanza asistida por computadora
_94965
650 4 _aTecnología educativa
_94978
700 1 _aLion, Carina
_953417
_ecompilación
902 _aGCH260824
_bVíctor Ruiz/040924
942 _2lcc
_cLIBRO
999 _c211628
_d211628